Word Ladder: Mine Quiz Stats

 Plays Quiz Updated May 3, 2013

Support Sporcle.
Go Orange.
Score 0/28 Timer 04:00
0 Plays Today
Hint 4-Letter Word % Correct
'All I ___ For Christmas...'WANT
98.2%
'Less ___ Zero'THAN
93.6%
Talk to God, in a wayPRAY
91.8%
Take table ordersWAIT
89.9%
Big night for HS seniorsPROM
88.5%
Cafeteria holderTRAY
86.3%
Bedtime storyTALE
86%
London strollerPRAM
85.4%
Non-curd meal for Miss MuffetWHEY
82.9%
German chocolate, sponge or birthday, e.g.CAKE
82.1%
Word with sugar or candyCANE
80.9%
Carnival structureTENT
80.9%
2nd in a 7 word Gershwin song, ending with 'me'CANT
79.3%
Windshield colorTINT
79.1%
Hint 4-Letter Word % Correct
Cow's milk dispenserTEAT
79%
Pinball no-noTILT
78.5%
Rock back and forthSWAY
78%
4th in a 7 word Gershwin song, ending with 'me'THAT
77.9%
3rd in a 7 word Gershwin song, ending with 'me'TAKE
77.4%
Mah-jongg drawTILE
76.7%
Excite, as an appetiteWHET
75.6%
6th in a 7 word Gershwin song, ending with 'me'FROM
70.9%
The least bitWHIT
70.9%
Trumpeter on the waterSWAN
69.3%
1st in a 7 word Gershwin song, ending with 'me'THEY
68.1%
Language related to ThaiSHAN
65.9%
5th in a 7 word Gershwin song, ending with 'me'AWAY
63.3%
1986 PGA champ BobTWAY
62.5%

Today's Daily Dose

Word Ladder
Math Aid

Get the Picture
Warrior Women

You're not logged in!

Compare scores with friends on all Sporcle quizzes.
OR
Log In
Forgot?

From the Vault

Click Which UK Country

by tim_parr

Fancy learning a few facts about the place over the pond?
Remove Ads.
Support Sporcle.
Get the best of Sporcle when you Go Orange. This ad-free experience offers more features, more stats, and more fun while also helping to support Sporcle. Thank you for becoming a member.

Show Comments

Extras

Top Quizzes Today


Score Distribution

Your Account Isn't Verified!

In order to create a playlist on Sporcle, you need to verify the email address you used during registration. Go to your Sporcle Settings to finish the process.

Report this User

Report this user for behavior that violates our Community Guidelines.

Details: